00597nam a22001457a 4500008004100000020001900041050002200060100001700082245016900099260000900268300000900277942001200286999001700298952013600315230918b |||||||| |||| 00| 0 eng d a978-1450561457 aHD57.7b.V87 2010 aVurnum, Gary aTransformational leadership :b92 tips for using the different types of leadership to identify leadership traits that uncover your leadership strengthscGary Vurnum c2010 a92p. 2lcccBK c20298d20297 00102lcc70aKABUbKABUd2023-09-18g2237.00i1013/2022l0oHD57.7 .V87 2010 C.1p032559r2024-08-02 00:00:00tC.1w2023-09-18yBK